Quality & Safety in Pharmacy Practice (Record no. 5768)

MARC details
000 -LEADER
fixed length control field 00621nam a22002297a 4500
003 - CONTROL NUMBER IDENTIFIER
control field OSt
005 - DATE AND TIME OF LATEST TRANSACTION
control field 20170328172619.0
008 - FIXED-LENGTH DATA ELEMENTS--GENERAL INFORMATION
fixed length control field 170328b xxu||||| |||| 00| 0 eng d
020 ## - INTERNATIONAL STANDARD BOOK NUMBER
International Standard Book Number 9780071603850
020 ## - INTERNATIONAL STANDARD BOOK NUMBER
International Standard Book Number 0071603859
040 ## - CATALOGING SOURCE
Transcribing agency DMLN
082 ## - DEWEY DECIMAL CLASSIFICATION NUMBER
Classification number QV737 Q11w 2010
100 ## - MAIN ENTRY--PERSONAL NAME
Personal name Warholak, Terri L.; Nau, David P.
9 (RLIN) 11991
245 ## - TITLE STATEMENT
Title Quality & Safety in Pharmacy Practice
260 ## - PUBLICATION, DISTRIBUTION, ETC. (IMPRINT)
Place of publication, distribution, etc. New York; Mcgraw hill, 2010
300 ## - PHYSICAL DESCRIPTION
Extent xvii,273p; col.ill: 23cm
504 ## - BIBLIOGRAPHY, ETC. NOTE
Bibliography, etc References, & index included
650 ## - SUBJECT ADDED ENTRY--TOPICAL TERM
Topical term or geographic name as entry element Quality
9 (RLIN) 11992
650 ## - SUBJECT ADDED ENTRY--TOPICAL TERM
Topical term or geographic name as entry element Safety
9 (RLIN) 11993
650 ## - SUBJECT ADDED ENTRY--TOPICAL TERM
Topical term or geographic name as entry element Pharmacy
9 (RLIN) 11994
942 ## - ADDED ENTRY ELEMENTS (KOHA)
Source of classification or shelving scheme Other/Generic Classification Scheme
Koha item type Short Loan
Holdings
Withdrawn status Lost status Source of classification or shelving scheme Damaged status Not for loan Home library Current library Date acquired Source of acquisition Inventory number Total Checkouts Full call number Barcode Date last seen Koha item type
    Other/Generic Classification Scheme     Pharmacy Department Library Pharmacy Department Library 28/03/2017   11/00106   QV737 Q11w 2010 2017-0667 28/03/2017 Short Loan
    Other/Generic Classification Scheme     Pharmacy Department Library Pharmacy Department Library 28/03/2017   11/00107   QV737 Q11w 2010 2017-0668 28/03/2017 Short Loan
    Other/Generic Classification Scheme     Pharmacy Department Library Pharmacy Department Library 28/03/2017   11/00108   QV737 Q11w 2010 2017-0669 28/03/2017 Short Loan